10 Największych miast w Czechach - Statystyki

Ogólne statystyki
  • Ten quiz został rozwiązany 52 razy
  • Średni wynik to 6 z 10
Statystyki odpowiedzi
Ludność Odpowiedź % Poprawnych
1 324 277 Praga
98%
381 346 Brno
89%
287 968 Ostrawa
87%
174 842 Pilzno
74%
104 802 Liberec
57%
100 663 Ołomuniec
54%
92 939 Hradec Králové
39%
94 463 Czeskie Budziejowice
33%
91 727 Pardubice
33%
92 716 Uście nad Łabą
17%
Nie znaleziono quizów pasujących do podanych kryteriów
Rozkład punktacji
Procent ludzi z każdym wynikiem
Percentyl według liczby udzielonych odpowiedzi
Twoja historia wyników
Nie rozwiązałeś tego quizu